000 00618nam a2200169Ia 4500
008 090711s9999 xx 000 0 und d
082 _b33217
100 _aबेडेकर विश्राम
245 _aनरो वा कुंजरो वाi
260 _bदेशमुख आणि कंपनी पब्लिशर्स
_c1961
300 _a92
600 _aबेडेकर विश्राम
630 _aनरो वा कुंजरो वाi
700 _aबेडेकर विश्राम
730 _aनरो वा कुंजरो वाi
942 _cBOOK
999 _c329857
_d329857